Zvýšení ekonomické účinnosti mzdové soustavy metodický materiál pro lektory SAK ČSSR

Na minha lista:
Detalhes bibliográficos
Autor principal: Tomášek, Přemysl
Formato: Livro
Idioma:tcheco
Publicado em: Praha Horizont 1984
Tags: Adicionar Tag
Sem tags, seja o primeiro a adicionar uma tag!

MARC

LEADER 00000nam a2200000 4500
001 c112517
005 20041019155153.2
041 0 |a cze 
044 |a CZ 
245 1 0 |a Zvýšení ekonomické účinnosti mzdové soustavy  |b metodický materiál pro lektory SAK ČSSR  |c Přemysl Tomášek 
264 1 |a Praha  |b Horizont  |c 1984 
300 |a 31 s. 
100 1 |a Tomášek, Přemysl